Bienvenue au Catalogue en Ligne des Bibliothèques de l'Universite du Burundi

Etude des facteurs responsables de la survenue des carences alimentaires chez les enfants de 6-59mois au camp des déplacés de Giasagara à Mubimbi dans la province de Bujumbura au Burundibi (Record no. 54090)

000 -GUIDE
Champ de contrôle de longueur fixe 01068nam a22002057a 4500
003 - IDENTITÉ DU NUMÉRO DE CONTRÔLE
Champ de contrôle BI-BuBU
008 - ÉLÉMENTS DE LONGUEUR FIXE - RENSEIGNEMENTS GÉNÉRAUX
Champ de contrôle de longueur fixe 260625b2025 bd fr|||| 000 0 fre d
040 ## - SOURCE DU CATALOGAGE
Organisme qui a effectué le catalogage original BI-BuBU
Organisme qui a effectué la transcription BI-BuBU
Organisme qui a effectué la modification BI-BuBU
080 ## - INDICE DE LA CLASSIFICATION DÉCIMALE UNIVERSELLE (CDU)
Indice de la Classification décimale universelle 613.22
100 1# - VEDETTE PRINCIPALE - NOM DE PERSONNE
Code de relation aut.
Nom de personne Nijebariko,Evelyne
245 10 - MENTION DU TITRE
Titre Etude des facteurs responsables de la survenue des carences alimentaires chez les enfants de 6-59mois au camp des déplacés de Giasagara à Mubimbi dans la province de Bujumbura au Burundibi
Mention de responsabilité, etc. Evelyne Nijebariko; Felix Karikurubu, directeur
260 ## - PUBLICATION, DIFFUSION, ETC. (ADRESSE BIBLIOGRAPHIQUE)
Lieu de publication, diffusion, etc. Bujumbura
Nom de l'éditeur, diffuseur, etc. Université du Burundi, East African nutritional Sciences Institute (EANSI)
Date of publication, distribution, etc 2025
300 ## - DESCRIPTION MATÉRIELLE
Collation XI-64 f.
Dimensions 30 cm.
502 ## - NOTE DE THÈSE OU MÉMOIRE
Note de thèse Mémoire présenté et défendu publiquement en vue de l'obtention du diplôme de master en nutrition et Santé<br/>Option : Nutrition et Santé pubique
650 #7 - VEDETTE-MATIÈRE - NOM COMMUN
Source du terme BI-BuBU
Vedette de sujet ou vedette comportant un nom géographique Enfant (6-59 mois)
Subdivision générale carence alimentaire
Subdivision géographique Mubimbi (Province Bujumbura)
-- Burundi
655 #7 - TERME D'INDEXATION - GENRE OU FORME
Source du terme BI-BuBU
Données ou terme dominant sur le genre ou la forme book
700 1# - VEDETTE SECONDAIRE - NOM DE PERSONNE
Code de relation dir.
Nom d'auteur Karikurubu, Felix
710 ## - VEDETTE SECONDAIRE - NOM DE COLLECTIVITÉ
Code de relation aut.
Nom de la collectivité ou nom de lieu comme élément de classement East African nutritional Sciences Institute
942 ## - ÉLÉMENTS D'ENTRÉE ADDITIONNELLE (KOHA)
Source de la classification ou du système de rangement
Type d item koha Memoire
Holdings
Statut de retrait Statut de perte Source de la classification ou du système de rangement Statut de déterioration Exclu du prêt Numéro d item Koha Localisation permanente Localisation actuelle Date d'acquisition Source d'acquisition Nombre de prêts Cote Code-barres Date last seen Prix en vigueur à partir du Type d item koha
          85956 Bibliothèque Centrale Bibliothèque Centrale 25/06/2026 don de l'auteur   613.22 NIJ. 5010000673215 25/06/2026 25/06/2026 Memoire
© 2019-2026 - Bibliothèques de l'Université du Burundi |Tous droits réservés
home | Pour toute information urgente Contactez nous | tel whatsupp: +25779204313